[Event "Titled Tue 1st Jul Early"]
[Site "chess.com INT"]
[Date "2025.07.01"]
[Round "6"]
[White "Huseynova, Lala"]
[Black "Niraj, Saripalli"]
[Result "1-0"]
[WhiteTitle "WFM"]
[BlackTitle "CM"]
[WhiteElo "2045"]
[BlackElo "2115"]
[WhiteFideId "13431781"]
[BlackFideId "5045657"]
[EventDate "2025.07.01"]

1. d4 e6 2. c4 b6 3. Nc3 Bb7 4. Nf3 f5 5. Bf4 Nf6 6. e3 Bb4 7. Bd3 Ne4 8. Bxe4
fxe4 9. Nd2 O-O 10. O-O Bxc3 11. bxc3 d5 12. Qg4 Qe7 13. Qg3 c5 14. Bd6 Qf7 15.
Bxf8 Qxf8 16. Qc7 Qf7 17. Qd8+ Qf8 18. Qxf8+ Kxf8 19. f3 Ke7 20. cxd5 exd5 21.
fxe4 dxe4 22. Rf4 Nd7 23. Nxe4 cxd4 24. exd4 Rc8 25. Re1 Bxe4 26. Rfxe4+ Kd6 27.
Re6+ Kd5 28. Re7 Nf6 29. Rxg7 Rxc3 30. Rxa7 Kxd4 31. Rf7 Rc6 32. Rf1 Ne4 33.
Rxh7 Rc2 34. Rh6 b5 35. Rb6 Kc5 36. Rb8 Rxa2 37. Re1 Nc3 38. h4 b4 39. h5 Ne2+
40. Kh2 Nf4 41. Re5+ Kd4 42. Rg5 Ke3 43. Rg3+ Ke4 44. Rxb4+ Ke5 45. Re3+ Kf5 46.
Rf3 Rxg2+ 47. Kh1 Rg4 48. Rbxf4+ Rxf4 49. Rxf4+ Kxf4 50. h6 1-0

[Event "Titled Tue 1st Jul Early"]
[Site "chess.com INT"]
[Date "2025.07.01"]
[Round "6"]
[White "Babayeva, Nasrin"]
[Black "Rietze, Clemens"]
[Result "0-1"]
[WhiteTitle "WFM"]
[BlackTitle "FM"]
[WhiteElo "1936"]
[BlackElo "2348"]
[WhiteFideId "13416626"]
[BlackFideId "24620351"]
[EventDate "2025.07.01"]

1. c4 e6 2. g3 d5 3. Bg2 Nf6 4. Nf3 Be7 5. O-O O-O 6. b3 d4 7. e3 c5 8. exd4
cxd4 9. Bb2 Nc6 10. Re1 Bc5 11. Ne5 Nxe5 12. Rxe5 Nd7 13. Re1 e5 14. d3 Re8 15.
a3 a5 16. Nd2 Bf8 17. Rb1 f5 18. Re2 Nc5 19. Qc2 e4 20. Nxe4 fxe4 21. Bxe4 Nxe4
22. Rxe4 Rxe4 23. dxe4 Bc5 24. Rd1 Bg4 25. Rd2 Qf6 26. b4 axb4 27. axb4 Bxb4 28.
Rxd4 Qf7 29. c5 Ba5 30. f4 Bc7 31. Rb4 Bd8 32. Kg2 Rc8 33. Bd4 Rc7 34. Qb2 Bc8
35. Rb5 h5 36. Be5 Re7 37. Rb4 Qe6 38. Ra4 Qh3+ 39. Kg1 Qg4 40. Kg2 Qh3+ 41. Kg1
Rd7 42. Bd6 Rf7 43. Ra8 Kh7 44. Qb1 g6 45. Qd3 Be7 46. Bxe7 Rxe7 47. Qd6 Rxe4
48. Qc7+ Kh6 0-1

[Event "Titled Tue 1st Jul Early"]
[Site "chess.com INT"]
[Date "2025.07.01"]
[Round "6"]
[White "Tan, Zhongyi"]
[Black "Baturin-Vinogradov, Miroslav"]
[Result "1-0"]
[WhiteTitle "GM"]
[BlackTitle "CM"]
[WhiteElo "2527"]
[BlackElo "2066"]
[WhiteFideId "8603642"]
[BlackFideId "55745741"]
[EventDate "2025.07.01"]

1. e4 e5 2. Nf3 Nc6 3. Bb5 a6 4. Ba4 Nf6 5. O-O Be7 6. Re1 b5 7. Bb3 d6 8. c3
O-O 9. h3 Nb8 10. d4 Nbd7 11. Nbd2 Bb7 12. Bc2 Re8 13. Nf1 Bf8 14. Ng3 g6 15. a4
c5 16. d5 c4 17. Be3 Qc7 18. Nd2 Reb8 19. Ra2 Bc8 20. Qf3 Bg7 21. Rea1 b4 22.
cxb4 Rxb4 23. Ne2 Rab8 24. Rb1 Nc5 25. Nc3 Nb3 26. Bxb3 cxb3 27. Ra3 Nd7 28. a5
Nc5 29. Qe2 f5 30. f3 Bd7 31. Rc1 Bb5 32. Nxb5 R8xb5 33. Kh1 Rxa5 34. Rxb3 Rab5
35. Rxb4 Rxb4 36. Bxc5 dxc5 37. Nc4 Bh6 38. Rc2 Bf4 39. d6 Qc6 40. Qd3 Ra4 41.
Qd1 Kf8 42. Rc3 Ke8 43. d7+ Kd8 44. Rd3 Qb5 45. Nd6 Qxd3 46. Nb7+ Kc7 47. d8=Q+
Qxd8 48. Qxd8+ Kxb7 49. Qd7+ 1-0

[Event "Titled Tue 1st Jul Early"]
[Site "chess.com INT"]
[Date "2025.07.01"]
[Round "6"]
[White "Ivashentseva, Dominika"]
[Black "Nazin, Roman"]
[Result "0-1"]
[WhiteTitle "WCM"]
[BlackTitle "CM"]
[WhiteElo "1970"]
[BlackElo "2250"]
[WhiteFideId "34331050"]
[BlackFideId "4137167"]
[EventDate "2025.07.01"]

1. d4 c5 2. d5 e5 3. e4 d6 4. c4 Be7 5. Nc3 a6 6. f4 exf4 7. Bxf4 Bg5 8. Bxg5
Qxg5 9. Nf3 Qe3+ 10. Qe2 Qxe2+ 11. Bxe2 Nd7 12. O-O Ne7 13. Rae1 Ng6 14. Ng5
Nge5 15. b3 Ke7 16. Bd1 h6 17. Nf3 Nxf3+ 18. Bxf3 Ne5 19. Bd1 Bd7 20. h3 b5 21.
Be2 bxc4 22. Bxc4 Rhb8 23. Rf2 Rb4 24. Ref1 Be8 25. Be2 Bb5 26. Bxb5 axb5 27. g4
c4 28. bxc4 bxc4 29. h4 Ra3 30. Nd1 c3 31. g5 hxg5 32. hxg5 Rd4 33. Rc2 Rd3 34.
Nf2 Rg3+ 35. Kh2 Rxg5 36. Rfc1 f5 37. Rxc3 Rxa2 38. R1c2 Rxc2 39. Rxc2 Nf3+ 40.
Kh3 f4 41. Rc7+ Kf8 42. Ng4 Ne5 43. Nxe5 Rxe5 44. Rc8+ Kf7 45. Rc7+ Re7 46. Rc6
Rxe4 47. Rxd6 f3 48. Kg3 Rf4 49. Ra6 f2 50. Ra7+ Kg6 51. Ra6+ Kg5 0-1

[Event "Titled Tue 1st Jul Early"]
[Site "chess.com INT"]
[Date "2025.07.01"]
[Round "6"]
[White "Ahmad, Al Khatib"]
[Black "Levitan, Judah Nathan"]
[Result "0-1"]
[WhiteTitle "GM"]
[BlackTitle "CM"]
[WhiteElo "2172"]
[BlackElo "2266"]
[WhiteFideId "8103178"]
[BlackFideId "14332639"]
[EventDate "2025.07.01"]

1. d4 Nf6 2. Nc3 d5 3. Bf4 a6 4. e3 c5 5. dxc5 Nc6 6. a3 e5 7. Bg5 Be6 8. b4 Be7
9. Nf3 h6 10. Bh4 O-O 11. Be2 Qd7 12. O-O e4 13. Nd4 Nxd4 14. Qxd4 Ng4 15. Bxe7
Qxe7 16. Bxg4 Bxg4 17. Nxd5 Qg5 18. Kh1 Rad8 19. c4 Be2 20. Rfc1 Bd3 21. f4 exf3
22. gxf3 Be2 23. Rf1 Bxf1 24. Rxf1 Qh5 25. Rf2 Kh8 26. Rg2 f6 27. Rg3 Qe5 28.
Qxe5 fxe5 29. Kg2 Rf7 30. Kf2 g5 31. Ke2 Kg7 32. Nc3 Rfd7 33. Ne4 Rd1 34. h4 Ra1
35. Nd6 Ra2+ 36. Kd3 Kg6 37. hxg5 Rxa3+ 38. Ke4 hxg5 39. Rg2 Rb3 40. b5 a5 41.
b6 a4 42. Ra2 a3 43. Kxe5 Rxe3+ 44. Kd4 Rxf3 45. Kd5 g4 46. Ke6 g3 47. Nxb7 Re3# 0-1

[Event "Titled Tue 1st Jul Early"]
[Site "chess.com INT"]
[Date "2025.07.01"]
[Round "6"]
[White "Grandelius, Nils"]
[Black "Movahed, Sina"]
[Result "0-1"]
[WhiteTitle "GM"]
[BlackTitle "GM"]
[WhiteElo "2642"]
[BlackElo "2558"]
[WhiteFideId "1710400"]
[BlackFideId "42520835"]
[EventDate "2025.07.01"]

1. d4 Nf6 2. c4 g6 3. g3 Bg7 4. Bg2 O-O 5. Nc3 d6 6. Nf3 Nbd7 7. O-O e5 8. e4
exd4 9. Nxd4 Nc5 10. h3 Re8 11. Re1 h6 12. Rb1 c6 13. b4 Ne6 14. Nxe6 Bxe6 15.
c5 dxc5 16. bxc5 Nd7 17. Na4 b5 18. cxb6 axb6 19. Nxb6 Nxb6 20. Qxd8 Rexd8 21.
Rxb6 c5 22. Be3 Bd4 23. Bxd4 cxd4 24. Rb2 d3 25. Rd1 Bxa2 26. Bf1 Bc4 27. f3 f5
28. exf5 gxf5 29. Kf2 Kf7 30. Rdd2 Kf6 31. Rb6+ Ke5 32. Ke3 Re8 33. Bxd3 Ra3 34.
Rxh6 Kd5+ 35. Kf4 Bxd3 36. Rf6 Ra4+ 37. Kg5 Rg8+ 38. Rg6 Rxg6+ 39. Kxg6 Kd4 40.
f4 Ke3 41. Rb2 Kf3 42. Rb3 Rd4 43. h4 Kxg3 44. h5 Kxf4 45. h6 Rd6+ 46. Kg7 Kg5
47. h7 Rd7+ 48. Kg8 Bc4+ 49. Kh8 Rxh7+ 50. Kxh7 Bxb3 0-1

[Event "Titled Tue 1st Jul Early"]
[Site "chess.com INT"]
[Date "2025.07.01"]
[Round "6"]
[White "Sheehan, Ethan"]
[Black "Niemann, Hans Moke"]
[Result "0-1"]
[BlackTitle "GM"]
[WhiteElo "2366"]
[BlackElo "2736"]
[WhiteFideId "30943965"]
[BlackFideId "2093596"]
[EventDate "2025.07.01"]

1. d4 Nf6 2. Nf3 d5 3. Bf4 e6 4. e3 Bd6 5. Nbd2 O-O 6. Bd3 b6 7. Qe2 Bb7 8. O-O
Nbd7 9. Bxd6 cxd6 10. c4 dxc4 11. Nxc4 Qe7 12. Rac1 Rfc8 13. h3 g6 14. Rc2 Bxf3
15. Qxf3 d5 16. Na3 Rxc2 17. Nxc2 Rc8 18. Rc1 e5 19. Qd1 e4 20. Ba6 Rc7 21. Na3
Nb8 22. Be2 a6 23. Rxc7 Qxc7 24. Qc2 Qxc2 25. Nxc2 Kf8 26. Kf1 Ke7 27. Ke1 Kd6
28. Kd2 h5 29. Kc3 h4 30. Nb4 a5 31. Nc2 Nc6 32. Bb5 Ne7 33. b4 g5 34. Be2 axb4+
35. Kxb4 Ne8 36. Bh5 Nc6+ 37. Kc3 Nd8 38. Kb4 Nc7 39. Na3 Kc6 40. Be2 f5 41. Bh5
f4 42. Bg4 Nf7 43. Nc2 Nd6 44. Be2 Nce8 45. Kc3 Nf6 46. Nb4+ Kd7 47. a4 Ke6 48.
Ba6 f3 49. Bf1 g4 50. Kd2 g3 51. Ke1 Nc4 52. Nc6 Nb2 53. Ne5 gxf2+ 54. Kxf2 Nd1+
55. Ke1 fxg2 56. Bxg2 Nxe3 0-1

[Event "Titled Tue 1st Jul Early"]
[Site "chess.com INT"]
[Date "2025.07.01"]
[Round "6"]
[White "Sprenar, Petr"]
[Black "Zlatkov, Anton"]
[Result "0-1"]
[WhiteTitle "FM"]
[BlackTitle "FM"]
[WhiteElo "2318"]
[BlackElo "2330"]
[WhiteFideId "397164"]
[BlackFideId "15005402"]
[EventDate "2025.07.01"]

1. d4 d6 2. g3 Nf6 3. Bg2 g6 4. Nf3 Bg7 5. O-O O-O 6. a4 Nbd7 7. a5 e5 8. a6 c6
9. axb7 Bxb7 10. dxe5 dxe5 11. Na3 e4 12. Nd4 Nb6 13. Nb3 Qe7 14. Be3 Rfd8 15.
Qc1 Nfd5 16. Bc5 Qe8 17. Na5 Ba6 18. c4 Nc7 19. Qc2 Ne6 20. Nb3 f5 21. Rfd1
Rxd1+ 22. Rxd1 Rd8 23. Rxd8 Qxd8 24. Be3 Qc7 25. Nc5 Nxc5 26. Bxc5 Nd7 27. Be3
c5 28. f3 exf3 29. Bxf3 Qe5 30. Bd5+ Kh8 31. Bc1 Nb6 32. Bf3 Qd4+ 33. e3 Qd7 34.
b3 Qe7 35. Kf2 Qe5 36. Nb5 Bxb5 37. cxb5 h6 38. h4 Kh7 39. h5 Nd5 40. hxg6+ Kxg6
41. g4 Nf6 42. gxf5+ Qxf5 43. e4 Qe5 44. Ke3 Nd5+ 45. Kf2 Qh2+ 46. Bg2 Bd4+ 0-1

[Event "Titled Tue 1st Jul Early"]
[Site "chess.com INT"]
[Date "2025.07.01"]
[Round "6"]
[White "Vifleemskaia, Svetlana"]
[Black "Khazan, Yevgeny"]
[Result "1-0"]
[WhiteTitle "WFM"]
[BlackTitle "CM"]
[WhiteElo "1942"]
[BlackElo "2135"]
[WhiteFideId "4129490"]
[BlackFideId "2806193"]
[EventDate "2025.07.01"]

1. d4 Nf6 2. c4 g6 3. Nc3 d5 4. cxd5 Nxd5 5. Bd2 Bg7 6. e4 Nb6 7. Be3 O-O 8. Rc1
Nc6 9. d5 Na5 10. Bd4 e5 11. Bxb6 axb6 12. b4 f5 13. bxa5 Rxa5 14. Nf3 fxe4 15.
Nxe4 Bg4 16. Be2 Rxd5 17. Bc4 Be6 18. Bxd5 Bxd5 19. Nc3 c6 20. O-O e4 21. Nxd5
exf3 22. Ne3 fxg2 23. Nxg2 Qg5 24. Rc4 h5 25. f4 Qb5 26. Qb3 Qxb3 27. axb3 c5
28. Re1 Bd4+ 29. Kh1 h4 30. h3 Kf7 31. Nxh4 Bf2 32. Nf3 Bxe1 33. Nxe1 Ke6 34.
Nd3 Kf5 35. Kg2 Rd8 36. Nf2 Rd2 37. b4 Rd5 38. Kf3 Kf6 39. Ng4+ Kf5 40. Ne3+ Ke6
41. Nxd5 Kxd5 42. Rc1 cxb4 43. Kg4 b3 44. Kg5 Kd4 45. Kxg6 b2 46. Rb1 Kc3 47. f5
Kc2 48. Rxb2+ Kxb2 49. f6 b5 50. f7 b4 51. f8=Q b3 52. Qb4 Kc2 53. Qxb7 b2 54.
h4 b1=Q 55. Qxb1+ Kxb1 56. h5 1-0

[Event "Titled Tue 1st Jul Early"]
[Site "chess.com INT"]
[Date "2025.07.01"]
[Round "6"]
[White "Yushko, Olga"]
[Black "Mecit, Emre"]
[Result "0-1"]
[WhiteTitle "WFM"]
[WhiteElo "2033"]
[BlackElo "2007"]
[WhiteFideId "14114500"]
[BlackFideId "6304214"]
[EventDate "2025.07.01"]

1. d4 Nf6 2. c4 c5 3. d5 b5 4. cxb5 a6 5. e3 g6 6. Nc3 Bg7 7. a4 O-O 8. Nf3 Bb7
9. Be2 axb5 10. Bxb5 Na6 11. O-O Nb4 12. e4 e6 13. dxe6 dxe6 14. Be3 Qc7 15. Rc1
Rfd8 16. Qe2 Rac8 17. e5 Ng4 18. Bg5 Bxf3 19. gxf3 Qxe5 20. Qxe5 Nxe5 21. Bxd8
Rxd8 22. Kg2 Rd2 23. Ne4 Rxb2 24. Nxc5 Bf8 25. a5 Na2 26. a6 Rxb5 27. Nb7 Nxc1
28. Rxc1 Rb2 29. Ra1 Nc6 30. a7 Nxa7 31. Rxa7 Kg7 32. Nd8 Rxf2+ 33. Kg3 Bd6+ 34.
Kxf2 Bc5+ 35. Kg3 Bxa7 36. Nc6 Bc5 37. f4 Bd6 38. Kf3 f5 39. h4 h5 40. Nd8 Kf6
41. Nb7 Be7 42. Na5 e5 43. fxe5+ Kxe5 44. Nc6+ Kd6 45. Nd4 Bxh4 46. Kf4 Bf6 47.
Nb5+ Ke6 48. Nc7+ Kf7 49. Nd5 Be7 50. Ne3 h4 51. Kf3 Ke6 52. Ng2 g5 53. Ne3 Bc5
54. Ng2 g4+ 55. Kf4 Bd6+ 56. Ke3 h3 0-1

[Event "Titled Tue 1st Jul Early"]
[Site "chess.com INT"]
[Date "2025.07.01"]
[Round "6"]
[White "Starozhilov, Leonid"]
[Black "Hansen, Eric"]
[Result "0-1"]
[WhiteTitle "FM"]
[BlackTitle "GM"]
[WhiteElo "2240"]
[BlackElo "2609"]
[WhiteFideId "14106752"]
[BlackFideId "2606771"]
[EventDate "2025.07.01"]

1. e4 c5 2. Nf3 e6 3. d4 cxd4 4. Nxd4 a6 5. c4 Qc7 6. Nc3 Nf6 7. a3 b6 8. Be3
Bb7 9. f3 d6 10. Qd2 Nbd7 11. Be2 Be7 12. O-O O-O 13. Rfc1 Rfc8 14. b4 Qd8 15.
Nb3 h5 16. Qe1 h4 17. Qxh4 Nxe4 18. Qe1 Nxc3 19. Qxc3 b5 20. Na5 Bd5 21. Qd2
bxc4 22. Nxc4 Bxc4 23. Bxc4 d5 24. Bf1 Rxc1 25. Qxc1 a5 26. Rb1 Ne5 27. Qd2 Qc7
28. h3 Ng6 29. bxa5 Rxa5 30. Rc1 Qd8 31. Qc3 Rxa3 32. Qd2 Nh4 33. Bf2 Nf5 34.
Bd3 Bg5 35. f4 Bxf4 36. Qxf4 Rxd3 37. Rb1 Rc3 38. g4 Ne7 39. Bd4 Rc4 40. Qe5 f6
41. Qxe6+ Kh7 42. Qe3 Qd6 43. Qd3+ Kg8 44. Re1 Nc6 45. Bf2 Ne5 46. Qf5 Rc3 47.
Re3 d4 48. Rxc3 dxc3 49. Bg3 Qd4+ 50. Kg2 Qc4 51. Bxe5 fxe5 52. Qxe5 Qc6+ 53.
Kg3 c2 0-1

[Event "Titled Tue 1st Jul Early"]
[Site "chess.com INT"]
[Date "2025.07.01"]
[Round "6"]
[White "Ivannikov, Maksim"]
[Black "Galaktionov, Artem"]
[Result "0-1"]
[WhiteTitle "CM"]
[BlackTitle "FM"]
[WhiteElo "2184"]
[BlackElo "2360"]
[WhiteFideId "34275339"]
[BlackFideId "24175471"]
[EventDate "2025.07.01"]

1. e4 c6 2. d4 g6 3. Nf3 Bg7 4. h4 d6 5. h5 Bg4 6. h6 Bf6 7. Be2 e5 8. dxe5 dxe5
9. Qxd8+ Kxd8 10. Nxe5 Bxe5 11. Bxg4 Nf6 12. Bf3 Nbd7 13. Nc3 Kc7 14. Be3 Rhe8
15. O-O-O Bxc3 16. bxc3 Nxe4 17. Bf4+ Kc8 18. Rhe1 f5 19. g4 Ndf6 20. gxf5 gxf5
21. Bxe4 fxe4 22. Rg1 Nd5 23. Be5 b5 24. Rg5 Kb7 25. Rd4 Re6 26. Rxe4 Rae8 27.
Rg7+ Ka6 28. Bd4 b4 29. c4 Nb6 30. Rxe6 Rxe6 31. Rxh7 Nxc4 32. Rxa7+ Kb5 33.
Rb7+ Ka6 34. Ra7+ Kb5 35. c3 Rxh6 36. Rb7+ Ka5 37. Rxb4 Nd6 38. Bb6+ Ka6 39. Be3
Rh1+ 40. Kc2 Nc8 41. Rb8 Ne7 42. Rb6+ Ka5 43. Rb7 Nd5 44. Bd4 Ka6 45. Ra7+ Kb5
46. Rb7+ Kc4 47. Rb3 c5 48. Be5 Re1 49. f4 Re2+ 50. Kb1 Rf2 51. Ra3 Ne3 52. Ra4+
Kd3 53. Ra8 Rf1+ 54. Kb2 Nc4+ 55. Kb3 Rb1+ 56. Ka4 Nb6+ 57. Ka5 Nxa8 58. a4 Nb6
59. f5 Ke4 60. Ka6 Kxe5 61. a5 Nc4 62. Ka7 Nxa5 63. f6 Kxf6 64. Ka6 Nc4 65. Ka7
Ke5 66. Ka6 Ke4 67. Ka7 Kd3 68. Ka6 Kxc3 69. Ka7 Kd4 70. Ka6 Kd5 71. Ka7 Kc6 72.
Ka8 Kc7 73. Ka7 Ra1# 0-1

[Event "Titled Tue 1st Jul Early"]
[Site "chess.com INT"]
[Date "2025.07.01"]
[Round "6"]
[White "Klys, Kacper"]
[Black "Gattani, Sarthak"]
[Result "1-0"]
[WhiteTitle "CM"]
[WhiteElo "2124"]
[BlackElo "1944"]
[WhiteFideId "21005281"]
[BlackFideId "30995965"]
[EventDate "2025.07.01"]

1. e4 e5 2. Nf3 Nc6 3. Bb5 a6 4. Ba4 Nf6 5. O-O Be7 6. Re1 b5 7. Bb3 O-O 8. a4
Bb7 9. d3 d6 10. Nbd2 Na5 11. Ba2 bxa4 12. c3 Qd7 13. Nc4 Nxc4 14. Bxc4 Bc6 15.
Qc2 h6 16. h3 Rfe8 17. d4 Bf8 18. d5 Bb5 19. Ba2 Qc8 20. Be3 Qb7 21. c4 Bd7 22.
Rab1 Reb8 23. Rec1 c5 24. Nd2 Qc7 25. Nf1 g6 26. Ng3 Bg7 27. Ne2 Qc8 28. Bd2 Rb7
29. f3 Rab8 30. Nc3 Qe8 31. Nd1 Kh7 32. Qd3 Ng8 33. Rc3 Ne7 34. Ra3 f5 35. Ra1
fxe4 36. fxe4 g5 37. Bb1 Ng6 38. Bc2 Nf4 39. Qf1 Qh5 40. Bxa4 Bxa4 41. Rxa4 Rf8
42. Nf2 Rbf7 43. Be3 Nxh3+ 44. gxh3 Rf3 45. R4a3 Rg3+ 46. Kh2 Rff3 47. Bd2 Rxh3+
48. Qxh3 Rxf2+ 49. Kg1 Qxh3 50. Rxh3 Rg2+ 51. Kxg2 g4 52. Rg3 Kg6 53. Rxg4+ Kf7
54. Rxg7+ Ke8 55. Rxa6 Kf8 56. Rb7 1-0

[Event "Titled Tue 1st Jul Early"]
[Site "chess.com INT"]
[Date "2025.07.01"]
[Round "6"]
[White "Weetik, Vjacheslav"]
[Black "Stevik, Patrik"]
[Result "0-1"]
[WhiteTitle "FM"]
[BlackTitle "FM"]
[WhiteElo "2423"]
[BlackElo "2314"]
[WhiteFideId "4153472"]
[BlackFideId "14944812"]
[EventDate "2025.07.01"]

1. Nf3 d5 2. g3 c5 3. Bg2 Nc6 4. O-O Nf6 5. d4 e6 6. c4 dxc4 7. Qa4 cxd4 8. Nxd4
Qxd4 9. Bxc6+ Bd7 10. Bxd7+ Qxd7 11. Qxc4 Rc8 12. Qh4 Be7 13. Nc3 O-O 14. Bg5 h6
15. Rad1 Qc6 16. Bd2 Rfd8 17. Qa4 Qxa4 18. Nxa4 Rc2 19. Be3 Rxd1 20. Rxd1 b5 21.
Nc3 Rxb2 22. Bd4 Rc2 23. Nxb5 Rxa2 24. Bxa7 Rxe2 25. Nc3 Rc2 26. Bd4 h5 27. h3
Ne8 28. Rb1 Bf6 29. Bxf6 Nxf6 30. Rb8+ Kh7 31. Rb3 g5 32. Kf1 Kg6 33. Ke1 g4 34.
h4 Nd7 35. Ne2 e5 36. Kd1 Ra2 37. Re3 f6 38. Ke1 Nc5 39. Nc3 Ra3 40. Nd5 Rxe3+
41. Nxe3 f5 42. Ke2 f4 43. Nc4 Kf5 44. Kf1 Ne4 45. Kg2 Nf6 46. Nd6+ Ke6 47. Nb5
Kd5 48. Nc3+ Kd4 49. Ne2+ Ke4 50. Nc3+ Kd3 51. Na4 fxg3 52. fxg3 e4 53. Nc5+ Ke2
54. Ne6 e3 55. Nf4+ Kd2 56. Kf1 Ne4 57. Ne2 Kd1 58. Nf4 Nxg3+ 59. Kg2 e2 60. Nd3
Ne4 61. Nb2+ Kc2 0-1

[Event "Titled Tue 1st Jul Early"]
[Site "chess.com INT"]
[Date "2025.07.01"]
[Round "6"]
[White "Park, Sunwoo"]
[Black "Danzer, George"]
[Result "0-1"]
[WhiteTitle "WFM"]
[BlackTitle "CM"]
[WhiteElo "1858"]
[BlackElo "2172"]
[WhiteFideId "13203320"]
[BlackFideId "4659465"]
[EventDate "2025.07.01"]

1. e4 c5 2. Nf3 d6 3. Bb5+ Nd7 4. O-O Nf6 5. Re1 e6 6. c3 Be7 7. d4 cxd4 8. cxd4
O-O 9. Nc3 a6 10. Bd3 e5 11. Be3 b5 12. Nh4 g6 13. Bh6 Re8 14. Nf3 Bb7 15. a4 b4
16. Nd5 Nxd5 17. exd5 exd4 18. Nxd4 Bxd5 19. Re3 Bf6 20. Rxe8+ Qxe8 21. Bf1 Rc8
22. Nf5 Qe6 23. Ne3 Bb3 24. Qf3 Nc5 25. Rc1 Bxb2 26. Re1 Bc3 27. Re2 f6 28. Ng4
Qf7 29. Re3 Bd5 30. Qe2 f5 31. Re7 Qxe7 32. Qxe7 fxg4 33. Qxd6 Bf7 34. Qe7 b3
35. Be2 b2 36. g3 b1=Q+ 37. Kg2 Qe4+ 38. Qxe4 Nxe4 39. Bxg4 Rd8 40. Be3 Bd5 41.
Bf3 Bd2 42. Bb6 Rd6 43. Bxe4 Bxe4+ 44. f3 Rxb6 45. fxe4 Rb2 46. Kf3 Ra2 47. Kg4
Rxa4 48. Kh3 Rxe4 49. g4 a5 50. g5 Re3+ 51. Kh4 a4 52. h3 a3 53. Kg4 a2 54. h4
a1=Q 55. h5 Qd4# 0-1

[Event "Titled Tue 1st Jul Early"]
[Site "chess.com INT"]
[Date "2025.07.01"]
[Round "6"]
[White "Rosen, Eric"]
[Black "Asensio Ramos, Enrique Fernando"]
[Result "1-0"]
[WhiteTitle "IM"]
[BlackTitle "CM"]
[WhiteElo "2377"]
[BlackElo "2200"]
[WhiteFideId "2032562"]
[BlackFideId "2214172"]
[EventDate "2025.07.01"]

1. e3 d5 2. f4 g6 3. Nf3 Bg7 4. d4 Nf6 5. Bd3 O-O 6. O-O Bf5 7. Bxf5 gxf5 8. Bd2
Ne4 9. Be1 e6 10. Ne5 Nd7 11. Qh5 Nxe5 12. Bh4 Bf6 13. dxe5 Bxh4 14. Rf3 Kg7 15.
Rh3 Bf2+ 16. Kf1 Rh8 17. Qh6+ Kg8 18. Nc3 Nxc3 19. bxc3 Qf8 20. Qh5 h6 21. Kxf2
Rh7 22. g4 fxg4 23. Rg1 Kh8 24. Rhg3 Qc5 25. Qxg4 Qf8 26. Qh4 Qd8 27. Qg4 Qf8
28. h4 a5 29. h5 a4 30. Qh4 Qd8 31. Qf6+ Qxf6 32. exf6 a3 33. Ke2 b6 34. Kd3 Rd8
35. c4 c6 36. cxd5 exd5 37. Kc3 c5 38. Kb3 b5 39. Kxa3 b4+ 40. Kb3 Ra8 41. Kb2
Rb8 42. c3 bxc3+ 43. Kxc3 Ra8 44. a4 Rb8 45. a5 Ra8 46. a6 d4+ 47. exd4 cxd4+
48. Kd3 Rd8 49. a7 Ra8 50. Kxd4 Rd8+ 51. Kc5 Rg7 52. fxg7+ Kg8 53. Kb6 Rd6+ 54.
Kc7 Rd8 55. Kxd8 f5 56. a8=Q Kf7 57. g8=Q+ Kf6 58. Qc6# 1-0

[Event "Titled Tue 1st Jul Early"]
[Site "chess.com INT"]
[Date "2025.07.01"]
[Round "6"]
[White "Politov, Pavel Y."]
[Black "Sahakyan, Aleks"]
[Result "0-1"]
[WhiteTitle "FM"]
[BlackTitle "IM"]
[WhiteElo "2190"]
[BlackElo "2405"]
[WhiteFideId "24110515"]
[BlackFideId "13316338"]
[EventDate "2025.07.01"]

1. d4 Nf6 2. c4 e6 3. Nc3 Bb4 4. f3 b5 5. e4 bxc4 6. Bg5 h6 7. Bxf6 Qxf6 8. Bxc4
c5 9. Ne2 O-O 10. a3 Bxc3+ 11. bxc3 cxd4 12. cxd4 Nc6 13. O-O Na5 14. Bb5 Rb8
15. Qa4 Qd8 16. Rab1 d5 17. e5 a6 18. Bd3 Rxb1 19. Rxb1 Bd7 20. Qb4 Nc4 21. Bxc4
dxc4 22. Rc1 Bc6 23. Rxc4 Bd5 24. Rc1 Qg5 25. Kf2 Qh4+ 26. Ng3 a5 27. Qxa5 Qxd4+
28. Kf1 Bc4+ 29. Ne2 Bxe2+ 30. Kxe2 Qb2+ 31. Qd2 Qxa3 32. Kf2 Rb8 33. Rc2 Qa1
34. Qc1 Qxe5 35. Rc8+ Rxc8 36. Qxc8+ Kh7 37. Qf8 Kg6 38. h3 Qd4+ 39. Kg3 h5 40.
Kh2 Qf4+ 41. Kh1 Qc1+ 42. Kh2 Qc7+ 43. Kh1 e5 44. Qe8 Kg5 45. Qh8 g6 46. Qe8 f6
47. Qa4 Qc1+ 48. Kh2 Qf4+ 49. Qxf4+ Kxf4 50. h4 Ke3 51. Kg3 f5 52. Kh3 Kf2 53.
g4 Kxf3 54. gxf5 gxf5 55. Kh2 Kf2 56. Kh3 e4 57. Kh2 e3 58. Kh3 e2 0-1

[Event "Titled Tue 1st Jul Early"]
[Site "chess.com INT"]
[Date "2025.07.01"]
[Round "6"]
[White "Silva, Mariana"]
[Black "Safin Safarullakhan"]
[Result "0-1"]
[WhiteTitle "WFM"]
[BlackTitle "CM"]
[WhiteElo "2039"]
[BlackElo "2028"]
[WhiteFideId "1911899"]
[BlackFideId "33379475"]
[EventDate "2025.07.01"]

1. d4 Nf6 2. c4 e6 3. Nc3 d5 4. cxd5 exd5 5. Bg5 c6 6. e3 h6 7. Bh4 Bd6 8. Bd3
O-O 9. Nge2 b5 10. Rc1 a5 11. h3 a4 12. O-O b4 13. Nb1 Ba6 14. f3 Bxd3 15. Qxd3
Re8 16. e4 g5 17. e5 gxh4 18. exd6 Qxd6 19. Qd2 Kg7 20. Nf4 Nbd7 21. Rce1 c5 22.
dxc5 Qxc5+ 23. Kh1 Ne5 24. Rd1 Ng6 25. a3 b3 26. Nc3 Ra5 27. Nce2 Nxf4 28. Nxf4
Rb5 29. Nd3 Qc2 30. Qxc2 bxc2 31. Rc1 Re3 32. Nb4 Nh5 33. Kh2 Ng3 34. Rf2 Rc5
35. Rfxc2 Rxc2 36. Nxc2 Re2 37. Nd4 Rxb2 38. Re1 Rd2 39. Nb5 d4 40. Nd6 d3 41.
Ne4 Re2 42. Rd1 Nxe4 43. fxe4 Re3 44. e5 Kg6 45. Kg1 Kf5 46. Kf2 Ke4 47. Rd2 Rg3
48. e6 fxe6 49. Rb2 Kd4 50. Rb4+ Kc3 51. Rb8 d2 52. Ke2 Re3+ 53. Kd1 Re1# 0-1

[Event "Titled Tue 1st Jul Early"]
[Site "chess.com INT"]
[Date "2025.07.01"]
[Round "6"]
[White "Aradhya, Garg"]
[Black "Chiang, Jacob"]
[Result "1/2-1/2"]
[WhiteTitle "IM"]
[WhiteElo "2370"]
[BlackElo "2032"]
[WhiteFideId "25006746"]
[BlackFideId "30962331"]
[EventDate "2025.07.01"]

1. d4 Nf6 2. c4 e6 3. Nf3 c5 4. d5 exd5 5. cxd5 d6 6. Nc3 g6 7. h3 Bg7 8. e4 O-O
9. Bd3 b5 10. Nxb5 Re8 11. O-O Nxe4 12. Re1 f5 13. Bf4 a6 14. Bxe4 axb5 15. Bc2
Bxb2 16. Rxe8+ Qxe8 17. Rb1 Be5 18. Qc1 Rxa2 19. Bxe5 dxe5 20. Bb3 Ra8 21. Qxc5
Nd7 22. Qc7 e4 23. d6+ Kg7 24. Ng5 Kh6 25. Ne6 g5 26. h4 e3 27. hxg5+ Kg6 28.
fxe3 Ra3 29. Qc2 Ne5 30. Nf4+ Kxg5 31. Qc5 b4 32. Qxb4 Ng4 33. Nh3+ Kh4 34. Qxa3
Qxe3+ 35. Kh1 Qg3 36. Kg1 Bb7 37. Qb2 Qh2+ 38. Kf1 Ne3+ 39. Ke2 Ng4 40. Kd3 Qg3+
41. Kc4 Ne5+ 42. Kb5 Qd3+ 43. Kb4 Qe4+ 44. Ka3 Nd3 45. Qf6+ Kg3 46. Qg5+ Kh2 47.
Bc2 Bd5 48. Bxd3 Qxd3+ 49. Kb2 Qb3+ 50. Kc1 Qc3+ 51. Kd1 Qd3+ 52. Kc1 Qc3+ 53.
Kd1 Qd3+ 54. Kc1 Qc3+ 1/2-1/2